The Politics of open economies: Indonesia, Malaysia, The Philippines and Thailand (Record no. 41707)

MARC details
000 -LEADER
fixed length control field 00370nam a2200121Ia 4500
082 ## - DEWEY DECIMAL CLASSIFICATION NUMBER
Classification number 33(5-12)
Item number BOW
100 ## - MAIN ENTRY--AUTHOR NAME
Personal name Bowie, Alsadair
245 #4 - TITLE STATEMENT
Title The Politics of open economies: Indonesia, Malaysia, The Philippines and Thailand
260 ## - PUBLICATION, DISTRIBUTION, ETC. (IMPRINT)
Place of publication U K
Name of publisher Cambridge Univesity Press
Year of publication 1997
700 ## - ADDED ENTRY--PERSONAL NAME
Personal name Unger, Danny
942 ## - ADDED ENTRY ELEMENTS (KOHA)
Koha item type Books
Holdings
Withdrawn status Lost status Damaged status Not for loan Home library Current library Date acquired Cost, normal purchase price Full call number Accession Number Koha item type
        RRII Library RRII Library 16/12/2021 40.00 33(5-12) BOW 21993 Books